Normal view
MARC view
- F.R. Pettit
Entry Personal Name
001 - CONTROL NUMBER
- control field: 104065
003 - CONTROL NUMBER IDENTIFIER
- control field: NUST
005 - DATE AND TIME OF LATEST TRANSACTION
- control field: 20221205092425.0
008 - FIXED-LENGTH DATA ELEMENTS
- fixed length control field: 221205|| aca||aabn | a|a d
040 ## - CATALOGING SOURCE
- Original cataloging agency: NUST
- Transcribing agency: NUST
100 ## - HEADING--PERSONAL NAME
- Personal name: F.R. Pettit
670 ## - SOURCE DATA FOUND
- Source citation: Work cat.: (NUST)182356: F.R. Pettit, Servicing transistor receivers /, 1963
